00450nam a2200133 a 450000500170000000800410001705000180005810000240007624500310010026000370013144000310016899900190019995200980021820140414131907.0100916s19uu xx 00 eng d aFICbT22 2007 aTeitelbaum, Michael aThe lost scrolls :bwater. aNew York :bScholastic ,c2007. aAvatar: the last airbender c110982d110982 001040aMUbMUcFICd2010-09-16l0oFIC T22 2007pM1526r2014-04-14 00:00:00w2014-04-14yBK